000
00324nam a22001457a 4500
008
231012b ||||| |||| 00| 0 eng d
020
_a
0521248140
041
_a
eng
080
_a
521
082
_a
521ISL
100
_a
19
101
_a
ASTRO
245
_a
THE ULTIMATE FATE OF THE UNIVERSE
_c
ISLAM.N.J
942
_2
udc
_c
BK
999
_c
60434
_d
60434